Państwa Europy z najmniejszą liczbą granic - Statystyki

Ogólne statystyki
  • Ten quiz został rozwiązany 486 razy
  • Średni wynik to 8 z 9
Statystyki odpowiedzi
Państwo % Poprawnych
Islandia
95%
Malta
89%
Irlandia
88%
Portugalia
88%
Watykan
87%
San Marino
86%
Wielka Brytania
83%
Dania
80%
Monako
72%
Nie znaleziono quizów pasujących do podanych kryteriów
Rozkład punktacji
Procent ludzi z każdym wynikiem
Percentyl według liczby udzielonych odpowiedzi
Twoja historia wyników
Nie rozwiązałeś tego quizu